000 00460nam a2200145Ia 4500
008 100204s9999 xx 000 0 und d
082 _b18412
100 _aव्हटकर अशोक
245 _aअजिंक्य आंबी
260 _b"सुयोग प्रकाशन , पुणे"
_c1994 2
300 _a176
630 _aअजिंक्य आंबी
730 _aअजिंक्य आंबी
942 _cBOOK
999 _c462835
_d462832